Responses for show #4321 - Monday, May 19, 2003

Contestants

Jonathan Auyoung, a receiving clerk from Benicia, California

Mary Boehm, a speech and language pathologist from Albuquerque, New Mexico

Kay Reimann, an attorney from Pebble Beach, California (whose 1-day cash winnings total $25,000)

Jeopardy! Round responses

THAT'S MY ATTORNEY GENERAL
(Alex: You have to identify the president.)
MERCURIAL
LITERARY LINES
SHATTERING ALLUSIONS
EARNINGS FROM THE CRYPT
(Alex: This is based on Forbes' top earning dead celebrities in the year 2002.)
HOW ODD!
    $200 1
George W. Bush

Jonathan
    $200 19
(Mary: What is San Jose?)

Silicon Valley

KayMary
    $200 14
"The Hobbit"

Kay
    $200 24
a Houdini

Jonathan
    $200 7
Elvis Presley

Kay
    $200 2
the songs

Kay
    $400 8
Bill Clinton

Kay
    $400 20
Quincy Jones

Jonathan
    $400 15
(Kay: What is "I still have Tara?")

"Tomorrow is another day"

KayMary
    $400 25
the McCoys

Mary
    $400 10
John Lennon

Mary
    $400 3
reverse

Mary
    $600 9
John F. Kennedy & Lyndon B. Johnson

Mary
    $600 21
Phoenix

Jonathan
    $4,200 16
"Lord of the Flies"

Mary
    $600 26
the riot act

Kay
    $600 11
Marilyn Monroe

Jonathan
    $600 4
diamond (carbon)

Mary
    $800 29
Ronald Reagan

Jonathan
    $800 22
Alan Shepard

Kay
    $800 17
13

Jonathan
    $800 27
Li'l Abner

Kay
    $800 12
(Jonathan: Who is Walt Disney?)

Charles Schulz

KayJonathan
    $800 5
common housefly

Mary
    $1000 30
Richard Nixon

Kay
    $1000 23
(Alex: With a minute to go.)

"War of the Worlds"

Mary
    $1000 18
"Lust for Life"

Triple Stumper
    $1000 28
epicenter

Jonathan
    $1000 13
Bob Marley

Kay
    $1000 6
David Lynch

Mary

Scores at the first commercial break (after clue 16):

Kay Mary Jonathan
$2,400 $8,400 $0

Scores at the end of the Jeopardy! Round:

Kay Mary Jonathan
$5,800 $9,600 $3,800

Double Jeopardy! Round responses

PHYSICAL SCIENCE
POND CROSSERS
GUINNESS RECORDS
AFRICAN COUNTRIES BY CITIES
(Alex: We'll give you the cities.)
SKI YOU AT THE MOVIES
"RH" FACTOR
    $400 7
boiling point

Mary
    $400 6
Thames

Jonathan
    $400 13
goldfish

Mary
    $400 23
(Alex: Minute to go.)

Egypt

Kay
    $400 16
Robert Redford

Kay
    $400 1
rhinoceros

Jonathan
    $800 8
to go up

Kay
    $800 9
John James Audubon

Jonathan
    $800 14
Gap

Kay
    $800 24
South Africa

Jonathan
    $800 17
The Pink Panther

Mary
    $800 2
Rhodes (the Colossus)

Mary
    $5,000 10
Earth's magnetic field

Jonathan
    $7,400 15
Evita

Kay
    $1200 25
Morocco

Jonathan
    $1200 18
(Mary: What is Mount Fuji?)

Mount Everest

KayMary
    $1200 3
rhetoric

Mary
    $1600 11
electrons

Jonathan
    $1600 21
Sony Walkman

Mary
    $1600 26
Kenya

Triple Stumper
    $1600 19
Martin Milner

Kay
    $1600 4
Syngman Rhee

Jonathan
    $2000 12
(Mary: What is sulfur hydroxide?)

hydrogen sulfide

Mary
Triple Stumper
    $2000 28
[buzzer sounds to end round]

Amherst

Triple Stumper
    $2000 22
Hadrian's Wall

Kay
    $2000 27
Libya

Triple Stumper
    $2000 20
Charade

Triple Stumper
    $2000 5
rhizome

Mary

Scores at the end of the Double Jeopardy! Round:

Kay Mary Jonathan
$20,400 $13,600 $15,600

[wagering suggestions for these scores]

Final Jeopardy! Round responses

AWARDS
(Alex: The organization is the American Theatre Wing.)
MaryWhat are Bob Hope Humanitarian
$13,599
JonathanWhat are the Tony Awards?
$13,600
KayWhat are the Tonys?
$10,801
Tony Awards

Final scores:

Kay Mary Jonathan
$31,201 $1 $29,200
2-day champion: $56,201 3rd place: $1,000 2nd place: $2,000

Game dynamics:

Coryat scores:

Kay Mary Jonathan
$14,200 $10,000 $11,800
19 R
(including 1 DD),
1 W
17 R
(including 1 DD),
3 W
16 R
(including 1 DD),
1 W

Combined Coryat: $36,000

The J! Archive is created by fans, for fans. The Jeopardy! game show and all elements thereof, including but not limited to copyright and trademark thereto, are the property of Jeopardy Productions, Inc. and are protected under law. This website is not affiliated with, sponsored by, or operated by Jeopardy Productions, Inc. Join the discussion at JBoard.tv.